| 000 | 01818cam a2200289 i 4500 | ||
|---|---|---|---|
| 999 |
_c56792 _d56792 |
||
| 001 | 002857022 | ||
| 005 | 20190424111114.0 | ||
| 008 | 060327s2006 ru r 000 u rus | ||
| 020 | _a5222079775 (В пер.) | ||
| 040 |
_aRuMoRKP _brus _dRuMoRGB |
||
| 041 | 0 | _arus | |
| 080 | _a341.225(075.8) | ||
| 084 |
_aХ912.52я73-1 _2rubbk |
||
| 084 |
_aХ932.212.03я73-1 _2rubbk |
||
| 100 | 1 |
_aГуцуляк, Василий Николаевич _9449 |
|
| 245 | 0 | 0 |
_aМеждународное морское право (публичное и частное) : _bучеб. пособие для студентов вузов / _cВ. Н. Гуцуляк. |
| 260 |
_aРостов-на-Дону : _bФеникс, _c2006. _eСамара _fСамарский Дом печати |
||
| 300 |
_a410 с.; _c21 см. |
||
| 490 | 0 | _aСерия "Высшее образование" | |
| 650 | 7 |
_aГосударство и право. Юридические науки -- Международное публичное право -- Вопросы территории в международном праве -- Водная территория -- Учебник для высшей школы _2rubbk _9450 |
|
| 650 | 7 |
_aГосударство и право. Юридические науки -- Международное частное право -- Обязательственное право -- Морская перевозка -- Учебник для высшей школы _2rubbk _9451 |
|
| 653 | _aსამართალი | ||
| 653 | _aსაერთაშორისო საზღვაო სამართალი | ||
| 852 |
_a2005213345 _bFB _cBOOK _d90 _e20060410 _f20130601 _gGNP08 _i4 _j2 06-11/276 |
||
| 852 |
_a2005213361 _bFB _cBOOK _d90 _e20060410 _f20170310 _gGNP07 _i4 _j2 06-11/275 |
||
| 942 |
_2udc _cBK |
||